| 000 | 00840cab a2200253 4500 | ||
|---|---|---|---|
| 001 | WB3518-17 | ||
| 008 | 090401t1999 xxu||||| |||| 00| 0 eng d | ||
| 035 | _a(Sirsi) u93297 | ||
| 041 | _aeng | ||
| 245 | _aWebsite homes in on risk of pollution | ||
| 260 | _c1999 | ||
| 350 | _a0 | ||
| 490 |
_aDaily Telegraph _v12 May 1999, 12(1) |
||
| 520 | _aThe Environment Agency website now contains information on emissions from local factories. People can check the areas where they intend to buy a home or where they already live. The site can be found at http://www.environment-agency.gov.uk | ||
| 650 | _aEMISSIONS | ||
| 650 | _aENVIRONMENT AGENCY | ||
| 650 | _aFACTORIES | ||
| 650 | _aINTERNET | ||
| 650 | _aPOLLUTION | ||
| 650 | _aWEBSITE | ||
| 690 | _aENVIRONMENTAL AND LAND CONSULTANCY | ||
| 942 | _n0 | ||
| 948 | _c12/05/1999 | ||
| 999 |
_c59141 _d59141 |
||